Basic electrical engineering (Record no. 7166)

000 -LEADER
fixed length control field 00658nam a2200217 4500
001 - CONTROL NUMBER
control field 7166
003 - CONTROL NUMBER IDENTIFIER
control field BD-DhUET
008 - FIXED-LENGTH DATA ELEMENTS--GENERAL INFORMATION
fixed length control field 740521s1975 nyua 001 0 eng
020 ## - INTERNATIONAL STANDARD BOOK NUMBER
International Standard Book Number 0070211523
040 ## - CATALOGING SOURCE
Original cataloging agency DLC
Transcribing agency DLC
Modifying agency BD-DhUET
082 00 - DEWEY DECIMAL CLASSIFICATION NUMBER
Classification number 623
Item number FIT/1975
100 1# - MAIN ENTRY--PERSONAL NAME
Personal name Fitzgerald, A. E.
245 10 - TITLE STATEMENT
Title Basic electrical engineering
Remainder of title circuits,electronics,machines,control
Statement of responsibility, etc. by A. E. Fitzgerald, David E. Higginbotham and Arvin Grabel
250 ## - EDITION STATEMENT
Edition statement 4th ed.
260 ## - PUBLICATION, DISTRIBUTION, ETC. (IMPRINT)
Place of publication, distribution, etc. New York
Name of publisher, distributor, etc. McGraw-Hill
Date of publication, distribution, etc. 1975
300 ## - PHYSICAL DESCRIPTION
Extent xiv, 817 p.
Other physical details illus.
Dimensions 24 cm.
650 #0 - SUBJECT ADDED ENTRY--TOPICAL TERM
Topical term or geographic name as entry element Electricity : Engineering
700 ## - ADDED ENTRY--PERSONAL NAME
Personal name Higginbotham, David E.
700 ## - ADDED ENTRY--PERSONAL NAME
Personal name Grabel, Arvin
942 ## - ADDED ENTRY ELEMENTS (KOHA)
Koha item type General Book
Holdings
Copy number Koha full call number Piece designation (barcode) Koha date last borrowed Koha normalized classification for sorting Damaged status Price effective from Date acquired Location (home branch) Sublocation or collection (holding branch) Shelving location Source of classification or shelving scheme Not for loan Koha date last seen Koha item type Lost status Withdrawn status Koha issues (times borrowed)
1623/PIT/1975653642018-07-21623PIT1975 2014-12-072014-12-07Central Library, BUETCentral Library, BUETCirculation section  2018-08-04General Book  1
2623/PIT/197543309 623_000000000000000_PIT_1975 2015-03-122015-03-12Central Library, BUETCentral Library, BUETCirculation section  2015-03-12General Book   
3623/PIT/197543314 623_000000000000000_PIT_1975 2015-03-122015-03-12Central Library, BUETCentral Library, BUETCirculation section  2015-03-12General Book   
4623/PIT/197543676 623_000000000000000_PIT_1975 2015-03-122015-03-12Central Library, BUETCentral Library, BUETCirculation section  2015-03-12General Book   
5623/PIT/197542843 623_000000000000000_PIT_1975 2015-03-122015-03-12Central Library, BUETCentral Library, BUETCirculation section  2015-03-12General Book   
6623/FIT/197543308 623_000000000000000_FIT_1975 2015-04-162015-04-16Central Library, BUETCentral Library, BUETCirculation section  2015-04-16General Book   
7623/FIT/197543316 623_000000000000000_FIT_1975 2015-04-182015-04-18Central Library, BUETCentral Library, BUETCirculation section  2015-04-18General Book   
8623/FIT/197543310 623_000000000000000_FIT_1975 2015-04-212015-04-21Central Library, BUETCentral Library, BUETCirculation section  2015-04-21General Book   
9623/FIT/197543677 623_000000000000000_FIT_1975 2015-04-212015-04-21Central Library, BUETCentral Library, BUETCirculation section  2015-04-21General Book   
10623/FIT/197543313 623_000000000000000_FIT_1975 2015-04-212015-04-21Central Library, BUETCentral Library, BUETCirculation section  2015-04-21General Book   
11623/FIT/197543307 623_000000000000000_FIT_1975 2015-04-212015-04-21Central Library, BUETCentral Library, BUETCirculation section  2015-04-21General Book   
12623/FIT/197551101 623_000000000000000_FIT_1975 2015-04-212015-04-21Central Library, BUETCentral Library, BUETCirculation section  2015-04-21General Book   
13623/FIT/197542841 623_000000000000000_FIT_1975 2015-06-282015-06-28Central Library, BUETCentral Library, BUETReading section  2015-06-28Reading Item   
14623/FIT/197542840 623_000000000000000_FIT_1975 2015-06-282015-06-28Central Library, BUETCentral Library, BUETReading section  2015-06-28Reading Item   
15623/FIT/197543679 623_000000000000000_FIT_1975 2015-06-282015-06-28Central Library, BUETCentral Library, BUETReading section  2015-06-28Reading Item